¿Una nueva vía de escape en el proceso penal tributario? (Registro nro. 19941)
[ vista simple ]
| 000 -LEADER | |
|---|---|
| fixed length control field | 00338 a2200109 4500 |
| 001 - CONTROL NUMBER | |
| control field | ART_40823 |
| 005 - DATE AND TIME OF LATEST TRANSACTION | |
| control field | 20260410161754.0 |
| 008 - FIXED-LENGTH DATA ELEMENTS--GENERAL INFORMATION | |
| fixed length control field | 260409a |
| 100 1# - MAIN ENTRY--PERSONAL NAME | |
| Personal name | Sequeira, Marcos A. |
| 245 10 - TITLE STATEMENT | |
| Title | ¿Una nueva vía de escape en el proceso penal tributario? |
| 773 0# - HOST ITEM ENTRY | |
| Title | Doctrina tributaria |
| Related parts | - Nº 441 (dic. 2016) |
| Record control number | REV4296 |
No hay ítems disponibles.